| 000 | 00587nam a2200241 a 4500 | ||
|---|---|---|---|
| 001 | nice12345678 | ||
| 003 | IN_TiNIC | ||
| 005 | 20260116014049.0 | ||
| 008 | 050524s2002 cola grp 000 0 eng | ||
| 020 |
_a0813387 _c319 |
||
| 082 | 0 | 0 |
_a297.1977 _bSHA |
| 100 | _aShadid, Anthony | ||
| 245 | _aLegacy of the Prophet | ||
| 260 |
_aColorado _bWestview Press _c2002 |
||
| 300 | _a340p | ||
| 500 | _aincludes index and biblioraphy | ||
| 505 | 2 | _aIndex | |
| 650 | _aIslam and Politics | ||
| 700 | 1 | _aShadid, Anthony | |
| 902 | _bSRS | ||
| 942 | _cBK | ||
| 999 |
_c13715 _d13715 |
||